000 00432nam a22001577a 4500
003 NUST - PNEC
005 20170116181105.0
008 151003b xxu||||| |||| 00| 0 eng d
040 _cLIBRARY
082 _a808.5 PRO
100 _912600
_aProchnow, Herbert V.
245 _a1001 ways to improve your conversation & speeches
_cHerbert V. Prochnow
260 _cc1952
650 _95085
_aEnglish language--Usage
942 _2ddc
_cBK
999 _c68907
_d68907